| 000 | 00676nam a22001937a 4500 | ||
|---|---|---|---|
| 005 | 20250103163346.0 | ||
| 010 | _aENG-143182 | ||
| 020 |
_a9789356223660 _c1095.00 |
||
| 035 | _aEN-126714 | ||
| 037 | _bDBAD | ||
| 082 | _a346.54066 | ||
| 100 |
_aSinghania, Vinod K. _975840 |
||
| 245 |
_aTaxmann's Insolvency and Bankruptcy Code with Rules and Regulations/ _bBy Taxmann |
||
| 250 | _a6 | ||
| 260 |
_aNew Delhi _bTaxmann Publications _c2022 |
||
| 300 |
_avpp. _c24cm(Pb) |
||
| 500 | _aAmended, Updated & Annotated text of the IBC with 15+ Rules/Regulations, Notifications, RBI Directions, etc. (Paperback, Taxmann) | ||
| 942 |
_2ddc _cEN _h346.54066 _mINS |
||
| 999 |
_c208037 _d208037 |
||